banner-ar

BUSINESS APPLICATIONS SOFTWARE FOR THE IBM LC / (Record no. 18825)

MARC details
000 -الفاتح
حقل البيانات ثابتة الطول 00533nam a2200193Ia 4500
008 - عناصر البيانات ثابتة الطول - معلومات عامة
حقل البيانات ثابتة الطول 140319s9999 xx 000 0 eng d
040 ## - مصدر الفهرسة
وكالة الفهرسة الأصلية GCL /
وكالة النسخ GCL
082 04 - رقم تصنيف ديوى العشرى
رقم التصنيف 005.13
رقم المادة I B
100 1# - المدخل الرئيسى - إسم شخصى
الإسم الشخصى INGALSBE, LON
245 10 - بيان العنوان
العنوان BUSINESS APPLICATIONS SOFTWARE FOR THE IBM LC /
بيان المسئوليه,etc INGALSBE, LON
260 ## - PUBLICATION, DISTRIBUTION, ETC. (IMPRINT)
تاريخ النشر أو التوزيع 1991
650 04 - المدخل الاضافى بالموضوع-مصطلح موضوعى
مصطلح موضوعي IBM COMPUTERS
650 04 - المدخل الاضافى بالموضوع-مصطلح موضوعى
مصطلح موضوعي APPLICATION SOFTWARE
650 04 - المدخل الاضافى بالموضوع-مصطلح موضوعى
مصطلح موضوعي BUSINESS
650 04 - المدخل الاضافى بالموضوع-مصطلح موضوعى
مصطلح موضوعي DBASE(COMPUTER PRAGRAM)
650 04 - المدخل الاضافى بالموضوع-مصطلح موضوعى
مصطلح موضوعي PEACE
942 ## - عناصر المدخل الإضافي( كوها)
مصدر التصنيف او مخطط الترفيف Dewey Decimal Classification
Koha [default] item type كتاب
260 ## - PUBLICATION, DISTRIBUTION, ETC. (IMPRINT)
-- [S.N] :
-- AN IMPRINT OF MACMILLAN TNC ،
Holdings
حالة التراجع حالة الفقد حالة تلف ليس للاعارة المكان المؤقت الموقع الحالى تاريخ الاكتساب اجمالي اﻻعارات رقم الطلب الباركود تاريخ اخر مشاهدة تاريخ تفعيل السعر نوع وعاء كوها
        مكتبة القاهرة الكبرى مكتبة القاهرة الكبرى 03/26/2014   005.13\I B 35940 03/26/2014 03/26/2014 كتاب

Powered By

EGPV